<?xml version="1.0" encoding="UTF-8"?>
<record
    xmlns:xsi="http://www.w3.org/2001/XMLSchema-instance"
    xsi:schemaLocation="http://www.loc.gov/MARC21/slim http://www.loc.gov/standards/marcxml/schema/MARC21slim.xsd"
    xmlns="http://www.loc.gov/MARC21/slim">

  <leader>01093nam a2200217Ia 4500</leader>
  <datafield tag="999" ind1=" " ind2=" ">
    <subfield code="c">37665</subfield>
    <subfield code="d">37665</subfield>
  </datafield>
  <controlfield tag="001">3637</controlfield>
  <controlfield tag="003">GE_BSU</controlfield>
  <controlfield tag="005">20190520163519.0</controlfield>
  <controlfield tag="008">181216s1983||||ge |||||||||||||| ||geo||</controlfield>
  <datafield tag="040" ind1=" " ind2=" ">
    <subfield code="c">GE_BSU</subfield>
  </datafield>
  <datafield tag="041" ind1=" " ind2=" ">
    <subfield code="a">geo</subfield>
  </datafield>
  <datafield tag="080" ind1=" " ind2=" ">
    <subfield code="a">528.48(075.8):622.1 &#x10D7;&#x2013;40</subfield>
  </datafield>
  <datafield tag="100" ind1=" " ind2=" ">
    <subfield code="a">&#x10D7;&#x10D4;&#x10D5;&#x10D6;&#x10D0;&#x10EB;&#x10D4;,&#x10DC;.</subfield>
    <subfield code="9">1425</subfield>
  </datafield>
  <datafield tag="245" ind1=" " ind2=" ">
    <subfield code="a">&#x10E1;&#x10D0;&#x10D8;&#x10DC;&#x10DF;&#x10D8;&#x10DC;&#x10E0;&#x10DD; &#x10D2;&#x10D4;&#x10DD;&#x10D3;&#x10D4;&#x10D6;&#x10D8;&#x10D0; : 10 &#x10DC;&#x10D0;&#x10EC;&#x10D8;&#x10DA;&#x10D0;&#x10D3;. &#x10DC;&#x10D0;&#x10EC;. 4, &#x10E3;&#x10DB;&#x10EA;&#x10D8;&#x10E0;&#x10D4;&#x10E1; &#x10D9;&#x10D5;&#x10D0;&#x10D3;&#x10E0;&#x10D0;&#x10E2;&#x10D7;&#x10D0; &#x10DB;&#x10D4;&#x10D7;&#x10DD;&#x10D3;&#x10D8; /</subfield>
    <subfield code="c">&#x10DC;&#x10D8;&#x10D9;&#x10DD;&#x10DA;&#x10DD;&#x10D6;  &#x10D7;&#x10D4;&#x10D5;&#x10D6;&#x10D0;&#x10EB;&#x10D4; ; &#x10D2;&#x10D0;&#x10DB;&#x2013;&#x10D1;&#x10D8;&#x10E1;  &#x10E0;&#x10D4;&#x10D3; : &#x10DA;.&#x10D1;&#x10D0;&#x10EE;&#x10E2;&#x10D0;&#x10EB;&#x10D4;.</subfield>
  </datafield>
  <datafield tag="264" ind1=" " ind2=" ">
    <subfield code="a">&#x10D7;&#x10D1;&#x10D8;&#x10DA;&#x10D8;&#x10E1;&#x10D8; :</subfield>
    <subfield code="b">&#x10D7;&#x10D1;&#x10D8;&#x10DA;. &#x10E3;&#x10DC;-&#x10E2;&#x10D8;&#x10E1; &#x10D2;&#x10D0;&#x10DB;-&#x10D1;&#x10D0;,</subfield>
    <subfield code="c">1983.</subfield>
  </datafield>
  <datafield tag="300" ind1=" " ind2=" ">
    <subfield code="a">471 &#x10D2;&#x10D5; .: </subfield>
    <subfield code="b">&#x10D8;&#x10DA;.</subfield>
    <subfield code="c">26 &#x10E1;&#x10DB;.</subfield>
    <subfield code="e">&#x10D3;&#x10D0;&#x10DC;&#x10D0;&#x10E0;&#x10D7;&#x10D8; : 8 &#x10D3;&#x10D0;&#x10D9;. &#x10E4;.</subfield>
  </datafield>
  <datafield tag="653" ind1=" " ind2=" ">
    <subfield code="a">&#x10E1;&#x10D0;&#x10D8;&#x10DC;&#x10DF;&#x10D8;&#x10DC;&#x10E0;&#x10DD; &#x10D2;&#x10D4;&#x10DD;&#x10D3;&#x10D4;&#x10D6;&#x10D8;&#x10D0;</subfield>
  </datafield>
  <datafield tag="653" ind1=" " ind2=" ">
    <subfield code="a">&#x10E3;&#x10DB;&#x10EA;&#x10D8;&#x10E0;&#x10D4;&#x10E1; &#x10D9;&#x10D5;&#x10D0;&#x10D3;&#x10E0;&#x10D0;&#x10E2;&#x10D7;&#x10D0; &#x10DB;&#x10D4;&#x10D7;&#x10DD;&#x10D3;&#x10D8;</subfield>
  </datafield>
  <datafield tag="700" ind1=" " ind2=" ">
    <subfield code="a">&#x10D1;&#x10D0;&#x10EE;&#x10E2;&#x10D0;&#x10EB;&#x10D4;,  &#x10DA; </subfield>
    <subfield code="e">&#x10D2;&#x10D0;&#x10DB;&#x10DD;&#x10DB;&#x10EA;&#x10D4;&#x10DB;&#x10DA;&#x10DD;&#x10D1;&#x10D8;&#x10E1;  &#x10E0;&#x10D4;&#x10D3;&#x10D0;&#x10E5;&#x10E2;&#x10DD;&#x10E0;&#x10D8;</subfield>
    <subfield code="9">1429</subfield>
  </datafield>
  <datafield tag="942" ind1=" " ind2=" ">
    <subfield code="c">BK</subfield>
    <subfield code="2">udc</subfield>
  </datafield>
  <datafield tag="952" ind1=" " ind2=" ">
    <subfield code="0">0</subfield>
    <subfield code="1">0</subfield>
    <subfield code="2">udc</subfield>
    <subfield code="4">0</subfield>
    <subfield code="6">5284807586221_&#x10D7;40</subfield>
    <subfield code="7">0</subfield>
    <subfield code="9">38100</subfield>
    <subfield code="a">SPL</subfield>
    <subfield code="b">SPL</subfield>
    <subfield code="c">GEN</subfield>
    <subfield code="d">2018-12-17</subfield>
    <subfield code="g">3.00</subfield>
    <subfield code="o">528.48(075.8):622.1 &#x10D7;&#x2013;40</subfield>
    <subfield code="p">8811</subfield>
    <subfield code="r">2018-12-17</subfield>
    <subfield code="t">8811</subfield>
    <subfield code="w">2018-12-17</subfield>
    <subfield code="y">BK</subfield>
    <subfield code="z">3 &#x10DA;. 20 &#x10D7;.</subfield>
  </datafield>
  <datafield tag="952" ind1=" " ind2=" ">
    <subfield code="0">0</subfield>
    <subfield code="1">0</subfield>
    <subfield code="2">udc</subfield>
    <subfield code="4">0</subfield>
    <subfield code="6">5284807586221_&#x10D7;40</subfield>
    <subfield code="7">0</subfield>
    <subfield code="9">38101</subfield>
    <subfield code="a">SPL</subfield>
    <subfield code="b">SPL</subfield>
    <subfield code="c">GEN</subfield>
    <subfield code="d">2018-12-17</subfield>
    <subfield code="g">3.00</subfield>
    <subfield code="o">528.48(075.8):622.1 &#x10D7;&#x2013;40</subfield>
    <subfield code="p">8812</subfield>
    <subfield code="r">2018-12-17</subfield>
    <subfield code="t">8812</subfield>
    <subfield code="w">2018-12-17</subfield>
    <subfield code="y">BK</subfield>
    <subfield code="z">3 &#x10DA;. 20 &#x10D7;.</subfield>
  </datafield>
  <datafield tag="952" ind1=" " ind2=" ">
    <subfield code="0">0</subfield>
    <subfield code="1">0</subfield>
    <subfield code="2">udc</subfield>
    <subfield code="4">0</subfield>
    <subfield code="6">5284807586221_&#x10D7;40</subfield>
    <subfield code="7">0</subfield>
    <subfield code="9">38102</subfield>
    <subfield code="a">SPL</subfield>
    <subfield code="b">SPL</subfield>
    <subfield code="c">GEN</subfield>
    <subfield code="d">2018-12-17</subfield>
    <subfield code="g">3.00</subfield>
    <subfield code="o">528.48(075.8):622.1 &#x10D7;&#x2013;40</subfield>
    <subfield code="p">8813</subfield>
    <subfield code="r">2018-12-17</subfield>
    <subfield code="t">8813</subfield>
    <subfield code="w">2018-12-17</subfield>
    <subfield code="y">BK</subfield>
    <subfield code="z">3 &#x10DA;. 20 &#x10D7;.</subfield>
  </datafield>
</record>
